1933 1639 1713 1105 1141 1279 1896 1094 1610 1087 1530 1767 1961 1959 1243 1107 1683 1184 1668 1990 1443 1228 1529 1563 1514 1330 1568 1956 1388 1327 1897 1807 1180 1976 1281 1657 1234 1062 1208 1903 1275 1767 1330 1372 1636 1349 1134 1111 1147 1162 1051 1152 1704 1049 1840 1635 1185 1960 1123 1232 1031 1291 1737 1481 1490 1312 1463 1827 1679 1079 1828 1635 1115 1528 1927 1999 1341 1123 1693 1962 1247 1724 1738 1877 1426 1937 1670 1267 1165 1024 1556 1049 1313 1975 1778 1189 1209 1735 1463 BCNSPRNW ULIB Ver.6.0+V

เปลี่ยนเป็นภาษาไทย

Change to English
 แสดงรายละเอียดบรรณานุกรม
  กลับหน้าหลัก

Brief Record : Get Marc (ISO 2709) : E-mail record : QR code < ปิดหน้าต่าง
LEADER : 00000nam 2200000uu 4500
001    13399128701
003     ULIB
008    240712s2566||||th 000 0 tha d
020    ^a9789740341543
040    ^acl
060 04 ^aWY160^bส786ท
100 0  ^aสุธีกาญจน์ ไชยลาภ
245 10 ^aทฤษฎีและกระบวนการพยาบาลบุคคลที่มีภาวะสูญเสีย เศร้าโศก ซึมเศร้าและเสี่ยงต่อการทำอัตวินิบาตกรรม /^cสุธีกาญจน์ ไชยลาภ
250    ^aพิมพ์ครั้งที่ 2
260    ^aกรุงเทพฯ :^bสำนักพิมพ์จุฬาลงกรณ์มหาวิทยาลัย,^c2566
300    ^a442, [8] หน้า :^bภาพประกอบ ;^c26 ซม.
504    ^aมีบรรณานุกรมและดัชนี
505 0  ^aภาวะเศร้าโศกจากการสูญเสีย -- ภาวะซึมเศร้า --พฤติกรรมเสี่ยงต่อการทำร้ายตนเองและการทำอัตวินิบาตกรรม (การฆ่าตัวตาย)-- การประยุกต์แนวคิดและทฤษฎีในการพยาบาลสุขภาพจิตและจิตเวช --การพยาบาลบุคคลที่มีภาวะเศร้าโศกจากการสูญเสีย --การพยาบาลผู้ป่วยโรคซึมเศร้า --การพยาบาลบุคคลที่มีพฤติกรรมเสี่ยงต่อการทำร้ายตนเองและการทำอัตวินิบาตกรรม (การฆ่าตัวตาย)
650  2 ^aPsychiatric Nursing
650  4 ^aการพยาบาลจิตเวชศาสตร์
650  4 ^aความซึมเศร้า^xการพยาบาล
650  4 ^aการฆ่าตัวตาย^xการรักษา
945    ^p460^l0^i30120
945    ^p460^l0^i30121
945    ^p460^l0^i30122
945    ^p460^l0^i30123
945    ^p460^l0^i30124
995    ^aกัณชพร จุลอักษร
999    ^aกัณชพร
รายการนี้ยังไม่มีแท็ก
คุณยังไม่ได้ล็อกอิน คุณสามารถมีกิจกรรมร่วมกับเว็บไซต์ได้ แต่ต้องล็อกอินก่อน ::
  ล็อกอิน

รายการสื่อสารสนเทศ

ลำดับที่ ประเภท เลขเรียก/บาร์โค้ด สถานที่ สถานะ
1. หนังสือสำรอง
หนังสือสำรอง
WY160 ส786ท ฉ.1 
  Barcode: 30120
ห้องสมุดวิทยาเขตนครสวรรค์
►หนังสือทั่วไป:l:General Books
บนชั้น
2. วิทยาศาสตร์การแพทย์ และสุขภาพ
วิทยาศาสตร์การแพทย์ และสุขภาพ
WY160 ส786ท ฉ.2 
  Barcode: 30121
ห้องสมุดวิทยาเขตนครสวรรค์
►หนังสือทั่วไป:l:General Books
บนชั้น
3. วิทยาศาสตร์การแพทย์ และสุขภาพ
วิทยาศาสตร์การแพทย์ และสุขภาพ
WY160 ส786ท ฉ.3 
  Barcode: 30122
ห้องสมุดวิทยาเขตนครสวรรค์
►หนังสือทั่วไป:l:General Books
บนชั้น
4. วิทยาศาสตร์การแพทย์ และสุขภาพ
วิทยาศาสตร์การแพทย์ และสุขภาพ
WY160 ส786ท ฉ.4 
  Barcode: 30123
ห้องสมุดวิทยาเขตนครสวรรค์
►หนังสือทั่วไป:l:General Books
บนชั้น
5. วิทยาศาสตร์การแพทย์ และสุขภาพ
วิทยาศาสตร์การแพทย์ และสุขภาพ
WY160 ส786ท ฉ.5 
  Barcode: 30124
ห้องสมุดวิทยาเขตนครสวรรค์
►หนังสือทั่วไป:l:General Books
บนชั้น

รายการใกล้เคียง
    ผู้แต่ง [สุธีกาญจน์ ไชยลาภ]

    หัวเรื่อง [Psychiatric Nursing]
    หัวเรื่อง [การพยาบาลจิตเวชศาสตร์]

BibComment


ยังไม่เคยถูกคอมเมนท์

คอมเมนท์ทรัพยากรรายการนี้
  คอมเมนท์: ทฤษฎีและกระบวนกา..


 Copyright 2026. Bcnsprnw @Library